000 00563nam a22002057a 4500
005 20250519103405.0
008 250519b |||||||| |||| 00| 0 eng d
020 _a978-93-91366-05-6
_cRs.240.00
040 _aLoreto College
041 _aEnglish
082 _a910.7
_bBAN
100 _aBanerjee,Kamalika
245 _aPedagogy of geography
_cKamalika Banerjee
260 _aKolkata
_bRita book agency
_c2022
300 _a376p.
_b21cm.
500 _aB.Ed 2nd Semester, Course VII-A
650 _aTeaching method-Geography
850 _aLCBED
942 _cBK
999 _c44084
_d94563